[Event "Gibraltar Masters 13th"]
[Site "Caleta"]
[Date "2015.01.31"]
[Round "5"]
[White "Adhiban, Baskaran"]
[Black "Nakamura, Hikaru"]
[Result "0-1"]
[WhiteElo "2630"]
[BlackElo "2776"]
[Annotator "Nakamura,H"]
[PlyCount "110"]
[EventDate "2015.01.27"]
[EventType "swiss"]
[EventRounds "10"]
[EventCountry "GGB"]
[SourceTitle "CBM 165"]
[Source "ChessBase"]
[SourceDate "2015.03.11"]
[SourceVersion "1"]
[SourceVersionDate "2015.03.11"]
[SourceQuality "1"]

1. d4 d5 2. c4 dxc4 3. e4 b5 $5 {The latest trendy idea in the Queens Gambit
Accepted.} (3... Nf6 4. e5 Nd5 5. Bxc4 Nb6 6. Bd3 Nc6 7. Be3 $1 {This line
seems to still be dubious in theory ever since the game Wojtaszek,R (2717)
-Nakamura,H (2778) Istanbul 2012 and more recently, Kramnik,V (2787)-Karjakin,
S (2766) Khanty-Mansiysk 2014.}) 4. a4 c6 5. Nc3 $5 {An interesting offer to
transpose into the Argentinian Defense of the Slav (1.d4 d5 2.c4 c6 3.Nc3 dxc4
4.e4 b5 5.a4) which I have played against both Mamedyarov and Carlsen,
although both of those games were with 4.e3.} a6 {Sticking to the plan.} (5...
b4 6. Na2 Nf6 7. e5 Nd5 8. Bxc4 e6 9. Nf3 a5 10. O-O Be7 {A well known
position with play for both sides.}) 6. axb5 cxb5 7. Nxb5 axb5 8. Rxa8 Bb7 9.
Ra1 e6 10. Ne2 $146 {A very interesting over the board novelty from my
opponent.} (10. f3 $5 {The critical variation!} Nc6 11. Ne2 Bb4+ $5 {The
latest try by the expert in this line, Edouard.} (11... Nf6 12. Be3 (12. b3
$146 Nxe4 $5 13. fxe4 Qh4+ 14. Ng3 Bb4+ 15. Kf2 Qf6+ 16. Kg1 Nxd4 17. Be3 Nxb3
18. Ra7 Qe7 19. Qh5 Qd7 20. Qf3 O-O $44 {A strange imbalance resulting in an
unclear position.}) 12... Bb4+ 13. Kf2 O-O 14. b3 {Black has some compensation
for the exchange as in Parligras,M (2589)-Thesing,M (2308) Germany 2014, but
it doesn't seem like it is enough for equality.}) (11... Na5 12. Be3 Nb3 13.
Ra2 Bb4+ 14. Nc3 Ne7 15. Bd3 $1 Nc6 16. d5 exd5 17. exd5 Qxd5 18. Be4 Qe5 19.
O-O O-O {1/2-1/2 Bluebaum-Nisipeanu, Germany 2014, but White is much better!}
20. Qd7 $1 Bc5 21. Qxb7 Bxe3+ 22. Kh1 Nd2 23. Rfa1 Nxe4 24. fxe4 Nb4 25. Ra8 g6
26. Qxb5 $16) 12. Bd2 Nge7 13. b3 O-O 14. bxc4 bxc4 15. Bxb4 (15. Kf2 $6 f5 $1
$44 {Javakhishvili-Edouard, Tradewise Gibraltar Chess Festival 2015}) 15...
Nxb4 16. Nc3 Nec6 17. Bxc4 Nxd4 18. O-O Nbc2 19. Nb5 $1 Nxa1 20. Nxd4 Qb6 21.
Qxa1 Ra8 $1 22. Qc3 Rd8 23. Rd1 e5 24. Qb3 Qxb3 25. Bxb3 exd4 26. Kf2 Kf8 27.
Rc1 $16) (10. Nf3 Nf6 11. Be2 Nxe4 (11... Bb4+ 12. Bd2 Bxd2+ 13. Qxd2 Nxe4 14.
Qb4 Qd5 15. Ra5 Nd6 16. Ne5 Qxd4 17. Rxb5 Nxb5 18. Qxb5+ Nd7 19. Nxc4 Bd5 20.
Ne3 Ke7 21. Qxd5 Qxd5 22. Nxd5+ exd5 23. Kd2 Rb8 24. Kc2 Ne5 25. Ra1 Nc6 26.
Kc3 d4+ 27. Kc2 d3+ 28. Bxd3 Nb4+ 29. Kc3 Nxd3 30. Kxd3 Rxb2 31. Ke4 {1/2-1/2
Mamedyarov,S (2764)-Kasimdzhanov,R (2706) Baku 2014}) 12. O-O Nc6 13. Be3 Qd5
$11 {Heimann,A (2524)-Godena,M (2528) Ruzomberok 2014}) 10... Bxe4 11. b3 Nc6
12. Nc3 $6 (12. f3 {Another alternative, although this hardly leads to
anything for White in either of the variations below.} Bd5 13. bxc4 Bxc4 (13...
bxc4 14. Bd2 Bd6 15. Qa4 Nge7 16. Nc3 O-O 17. Bxc4 Bxc4 18. Qxc4 Nxd4 19. O-O
Ndf5 20. Rfd1 Qb8 $14) 14. Nc3 Bb4 15. Bd2 Nge7 16. Nxb5 Bxf1 17. Rxf1 O-O 18.
Kf2 Nd5 19. Bxb4 Ncxb4 20. Qd2 Qb8 21. Nc3 Qxh2 {White should still have a
small advantage, but Black has very good drawing chances.}) (12. bxc4 {An
absolutely critical variation. Adhiban rejected this variation as he simply
assumed that walking the king into the heart of the board was suicide. However,
I was not convinced during the game, although I suspected there was probably
some stupid perpetual and the computers would roll out the good old =0.00!
Also, my opponent's decision not to be brave and go for this variation
reminded me of the famous Nimzowitsch maxim "the threat is greater than the
execution!"} Nb4 13. Nc3 Nc2+ 14. Ke2 Nxd4+ 15. Ke3 Nf6 (15... Nc2+ 16. Kxe4 (
16. Ke2 Nd4+ $11) 16... Nf6+ 17. Kf3 Qxd1+ 18. Nxd1 Nxa1 19. cxb5 Bc5 20. Be3
Nb3 $11) (15... Nh6 16. Kxe4 Ng4 (16... f5+ 17. Kd3 Ng4 18. Be3 {Transposition.
}) 17. Be3 f5+ 18. Kd3 Bb4 19. cxb5 (19. Nxb5 $4 Ne5#) 19... Nb3+ 20. Kc2 (20.
Kc4 Nxe3+ 21. fxe3 Nd2+ $1 22. Kxb4 Qe7+ 23. Ka4 Qa7+ 24. Kb4 Qe7+ $11) 20...
Nxe3+ 21. fxe3 Qc7 22. Kxb3 Qxc3+ 23. Ka2 Be7 (23... O-O 24. Kb1 Be7 25. Ra4
Rd8 26. Bd3 $1 Rxd3 27. Qc2 Qb3+ 28. Qxb3 Rxb3+ 29. Ka2 Rxb5 30. Rb1 Rxb1 31.
Kxb1 Kf7 $14) 24. Qb3 Qa5+ 25. Kb1 Qe1+ 26. Kc2 Qxa1 27. Qxe6 Qa4+ 28. Kd2 Qb4+
29. Kd1 Qb1+ 30. Ke2 Qxb5+ 31. Kf2 Qb2+ 32. Be2 g6 33. Rd1 Qf6 $11) (15... Qg5+
16. Kxe4 Qf5+ 17. Ke3 (17. Kxd4 $4 Bc5#) 17... Nc2+ 18. Kd2 Nxa1 19. Bb2 Qf4+
20. Ke1 Bc5 21. Qxa1 Qxf2+ 22. Kd1 Nf6 23. Qa8+ Ke7 24. Qb7+ Nd7 25. Be2 Rb8
26. Qf3 Qxf3 27. gxf3 bxc4 28. Kc2 $16) (15... Bc5 $2 16. Nxe4 {No good
discoveries.} Nf5+ 17. Ke2 Nd4+ 18. Ke1 $18) 16. Nxe4 (16. Qxd4 $4 Ng4+ 17.
Kxe4 f5+ 18. Kd3 Nxf2+ 19. Ke3 f4+ $1 20. Qxf4 Bc5+ 21. Kf3 Rf8 $19) 16... Nf5+
17. Ke2 Nd4+ 18. Ke3 (18. Kd3 bxc4+ 19. Kxc4 Qd5+ $19) (18. Ke1 Nxe4 19. c5
Bxc5 20. Bxb5+ Ke7 21. Bd3 Nxf2 22. Kxf2 Nc2+ 23. Kg3 Nxa1 24. Qf3 Qd4 $15)
18... Nf5+ $11) 12... Bb4 13. Bd2 Bxc3 14. Bxc3 b4 15. d5 $2 {The losing move.
After the game, Adhiban told me that he simply underestimated the strength of
the pawns. Frankly, I don't know how one goes for this line if they aren't
100% sure!} bxc3 16. dxc6 Qxd1+ 17. Kxd1 (17. Rxd1 $8 {The strange looking
rook capture seems to be the only way to keep drawing chances.} c2 18. Rc1 cxb3
19. c7 Kd7 20. Kd2 b2 (20... Nf6 21. Kc3 Nd5+ 22. Kxb3 Kxc7 23. Rxc2+ Bxc2+ 24.
Kxc2 Ra8 25. Bc4 Ra3 26. Kd2 {White should have decent drawing chances here,
although I still think it is very hard to draw this in practice.}) 21. c8=Q+
Kxc8 22. Rxc2+ Bxc2 23. Kxc2 Nf6 24. Be2 Kd7 25. Kxb2 Rc8 {[%csl Gb2][%cal
Gc8c1] It's hard to believe White can draw this with the king cut off and any
rook exchanges resulting in a losing knight versus bishop ending.}) 17... cxb3
18. c7 Kd7 $2 {Adding a question mark to this move is probably a bit too harsh,
but it gives White good practical chances.} (18... Ne7 19. Bb5+ Kf8 20. Ke2 b2
21. Rad1 g6 22. f3 (22. Rd8+ Kg7 23. Bd3 c2 {For some reason we both
overlooked the c2 move in our calculations.}) (22. Bd3 Bxg2 23. Rhg1 Bb7 24.
Bc2 Nd5 $19) 22... Bf5 23. g4 c2 24. gxf5 cxd1=Q+ 25. Rxd1 Kg7 26. Rb1 (26.
fxe6 Nd5 $1 27. Kd2 Nxc7 28. Bd3 Nxe6 $19) 26... exf5 27. Rxb2 Rc8 28. Rc2 Nd5
$19) 19. Ra3 b2 20. c8=Q+ Kxc8 21. Rxc3+ Kd7 22. Bd3 b1=Q+ 23. Bxb1 Bxb1 24.
Rb3 $1 {The whole idea and a move that I missed for some unknown reason.} Be4
25. Rb8 g5 $2 (25... Ke7 26. Ke2 Bc6 27. Ra1 Be8 28. Ra7+ Kf8 29. g4 g5 30. h4
h6 31. f4 $1 {The reason I rejected the idea with Nc6-e8.} Nf6 32. hxg5 hxg5
33. fxg5 Rh2+ 34. Kf3 Nd5 35. Rd7 Rh3+ 36. Kf2 Ra3 37. Rdd8 Nc7 38. Rd7 Ra8 39.
Rxa8 Nxa8 40. Ra7 Nb6 41. g6 $1 fxg6 42. Ra6 Nc4 43. Rxe6 g5 $15 {Maybe Black
can win this, but it will be extremely difficult. Nevertheless, this was
clearly the way of playing after 18...Kd7?}) 26. Ke2 Ke7 (26... Bxg2 $4 27. Rg1
Be4 28. Rxg5 Bg6 29. Ra5 {[%cal Ga5a8]}) 27. h4 $2 {The losing move.} (27. Rc1
Kf6 28. Rcc8 Kg7 29. f3 Bg6 {Basically in this position, if Black can get
e5+f6+Bf7 and then h5+Rh7 and Nh6 then the win becomes routine.} 30. Re8 $1 h5
(30... Bf5 31. g4 Bg6 32. h3 h5 33. Kf2 {This position should be a draw as I
see no way for Black to untangle.}) 31. Ke3 Bf5 32. Kf2 f6 33. Rb7+ Kg6 34. g3
e5 35. h4 g4 36. f4 {Again, it seems as though Black will be unable to
untangle.}) 27... gxh4 28. Rxh4 Bc6 $1 {Better late than never!} 29. Rc4 Be8
30. Rc7+ Kd6 31. Ra7 Ne7 $1 (31... Nf6 $2 32. Rxf7 Rg8 {My original idea, but
this allows White a spectacular drawing opportunity.} 33. Rxf6 Bh5+ 34. g4 $1
Bxg4+ 35. f3 Bxf3+ 36. Kxf3 Rxb8 37. Rh6 Rb7 38. Ke4 {A well known draw even
though Black has two extra pawns.}) 32. Rd8+ Ke5 33. Rb7 (33. Rxe7 Bb5+ 34. Rd3
Rd8 35. Rxf7 Bxd3+ 36. Ke3 Bg6 $19) 33... Kf6 34. Rdb8 Ng6 (34... Bc6 35. Rxh8
Bxb7 36. Rxh7 Bxg2 37. f3 Nd5 $19 {should be winning, but why bother.}) 35. Rb6
h5 36. f3 Ba4 $19 {The rest is pretty much just technique.} 37. Rxh8 Nxh8 38.
Ke3 Ng6 39. Ra6 Bb3 40. Ra5 Bd5 41. Ra7 e5 42. Ra5 Be6 43. Rb5 h4 44. Rb1 Kg5
45. Rb5 f6 46. Rb7 Nf4 47. Kf2 Nh5 48. Rb6 Bf5 49. Rb8 Bg6 50. Rb4 Nf4 51. Ra4
Bf7 52. Ra7 Kg6 53. Ra1 Bd5 54. Rd1 Kg5 55. Rd2 f5 (55... f5 56. Rd1 (56. g3
hxg3+ 57. Kxg3 Bf7 58. Kf2 Ne6 59. Rd7 Kf6 60. Rd6 f4 61. Rb6 Kf5 62. Ra6 Ng5
$19 {[%csl Gf3][%cal Gf7h5,Gf7d5]}) 56... e4 57. fxe4 Bxe4 58. Rd8 (58. g3 Nh3+
59. Ke3 hxg3 $19) 58... Nxg2 59. Rg8+ Kf4 60. Rh8 Kg4 61. Rg8+ Kh3 $19) 0-1

[Event "RUS-ch"]
[Site "Elista"]
[Date "1994.??.??"]
[Round "3"]
[White "Notkin, Maksim"]
[Black "Kharlov, Andrei"]
[Result "1/2-1/2"]
[WhiteElo "2465"]
[BlackElo "2530"]
[Annotator "Notkin,M"]
[PlyCount "92"]
[EventDate "1994.09.??"]
[EventType "swiss"]
[EventRounds "11"]
[EventCountry "RUS"]
[SourceTitle "CBM 044"]
[Source "ChessBase"]
[SourceDate "1995.02.01"]
[SourceVersion "1"]
[SourceVersionDate "1995.02.01"]
[SourceQuality "1"]

1. d4 {Ftacnik} d5 2. c4 dxc4 3. e4 Nf6 4. e5 Nd5 5. Bxc4 Nb6 6. Bb3 Bf5 7. Nc3
e6 8. Nge2 Be7 9. O-O O-O 10. Be3 Na6 $5 (10... Nc6 {Ftacnik}) 11. Ng3 Bg6 12.
Nce4 Nb4 (12... Nd7 13. Bc4 $1 $14) 13. a3 N4d5 14. Rc1 (14. Bd2 Nd7 $13 (14...
Nd7 {Ftacnik} 15. Rc1 c5 16. Nxc5 Bxc5 17. dxc5 Nxe5 $15)) 14... Nxe3 15. fxe3
Nd7 16. Ba4 c6 17. Qe2 Qa5 $6 (17... a5 $5 {Ftacnik} 18. Bc2 Qb6 $13) 18. Bc2
Rad8 $6 (18... c5 19. Nxc5 Bxc5 20. dxc5 Nxe5 21. Bxg6 hxg6 22. Rc3 {/\ b4+/-})
(18... Rac8 $5) 19. b4 $1 Qc7 (19... Qxa3 $2 20. Ra1 Qxb4 21. Rfb1 $18) 20. Nc5
$2 (20. Qg4 $1 {/\ h4-h5}) 20... a5 (20... Nxc5 $142 21. bxc5 b6 $13) 21. Bxg6
hxg6 22. Qg4 $6 (22. Nd3 $1 $14) 22... Nxc5 23. bxc5 b6 24. Ne4 bxc5 25. Nxc5
Rd5 $1 26. Nd3 Bxa3 27. Rc2 (27. Rc3 Be7 28. Rfc1 a4 $17 (28... a4 {Ftacnik}
29. Rxc6 Qa5 $17)) 27... Rb5 28. Nf4 Qd7 29. Rcf2 Rb3 30. h4 $8 (30. Rf3 Rfb8
31. h4 Rxe3 $1 32. Rxe3 Qxd4 $19) 30... Rxe3 (30... Be7 31. h5 g5 32. h6 $1 $40
) 31. h5 Qxd4 32. hxg6 Rxe5 33. Qh4 $1 (33. Qh3 fxg6 34. Nxg6 Rxf2 35. Qh8+ Kf7
36. Nxe5+ Qxe5 37. Rxf2+ Kg6 38. Qe8+ Kh7 $19) 33... fxg6 34. Nxg6 Qxh4 35.
Rxf8+ Kh7 36. Nxh4 Bxf8 (36... Bc5+ 37. Kh2 Re4 $2 (37... Rh5 38. Kg3 (38. Kg3
{Ftacnik} Bxf8 39. Rxf8 $10)) 38. Nf3 $1 $18) 37. Rxf8 a4 38. Ra8 Re1+ 39. Kf2
Ra1 40. Nf3 a3 41. Ng5+ Kg6 42. Nxe6 Kf5 43. Nd4+ Ke4 44. Nxc6 Kd5 45. Ne7+ (
45. Nb4+ Kc4 46. Nc2 Ra2 47. Rxa3 Rxc2+ $10) 45... Kc4 46. Nf5 a2 (46... a2 {
Ftacnik} 47. Nxg7 Kb3 48. Nf5 Rb1 $10) 1/2-1/2

[Event "St Petersburg op"]
[Site "St Petersburg"]
[Date "1995.??.??"]
[Round "8"]
[White "Notkin, Maksim"]
[Black "Shcherbakov, Ruslan"]
[Result "0-1"]
[WhiteElo "2485"]
[BlackElo "2520"]
[Annotator "Notkin,M"]
[PlyCount "66"]
[EventDate "1995.05.??"]
[EventType "swiss"]
[EventRounds "9"]
[EventCountry "RUS"]
[SourceTitle "CBM 046 Extra"]
[Source "ChessBase"]
[SourceDate "1995.07.01"]
[SourceVersion "1"]
[SourceVersionDate "1995.07.01"]
[SourceQuality "1"]

1. d4 d5 2. c4 dxc4 3. e4 e5 4. Nf3 exd4 5. Bxc4 Nc6 6. O-O Be6 $5 7. Bxe6 (7.
Bb5 Bc5 8. b4 $5 Bb6 9. Bb2 Nge7 10. Nxd4 O-O $13) 7... fxe6 8. Qb3 Qd7 9. Qxb7
Rb8 10. Qa6 Nf6 11. e5 $6 (11. Nbd2 Bb4 12. e5 Ng4 13. Qe2 Qd5 $15 {Sherbakov,
R-Bronstein,D/Hastings/1995/0,5/13/}) (11. Qd3 $5 Nb4 12. Qd1 Nxe4 13. Re1 Nf6
14. Ng5 Rb6 15. a3 h6 16. axb4 hxg5 17. Rxa7 $13) 11... Ng4 (11... Nd5 12. Nbd2
Bc5 13. Ne4 Bb6 14. a3 O-O 15. Qd3 Rf5 $5 $13 {Milov,V-Sermek,D/Biel/1994/0,5/
55/}) 12. Qe2 $2 (12. h3 Ngxe5 13. Nxe5 Nxe5 14. Qxa7 Nc6 $15) (12. Nbd2 $32)
12... d3 $1 13. Qd1 (13. Qe4 Rb4 14. Qe1 Nd4 $1 $17) 13... Bc5 14. h3 (14. Nbd2
O-O 15. Ne4 Bb6 $17) 14... Nxf2 15. Rxf2 Bxf2+ (15... O-O $2 16. Qe1 Bxf2+ 17.
Qxf2 $14) 16. Kxf2 O-O 17. Qe1 $2 (17. Kg1 $32 Nxe5 18. Nbd2 $17) 17... Nd4 $1
18. Qc3 Nxf3 $1 (18... Nc2 19. b3) (18... Ne2 19. Qc4 Nxc1 20. Qxc1 Qd4+ 21.
Kg3 $13) (18... Qd5 19. Nbd2 Nxf3 20. Nxf3 $1) 19. gxf3 Qd5 20. f4 (20. Nd2
Rxf3+ $1 21. Nxf3 Rf8 $19) 20... Qh1 $19 21. Qc4 $8 Qh2+ 22. Kf3 Qxh3+ 23. Kf2
Qh2+ 24. Kf3 Qh3+ 25. Kf2 Qh2+ 26. Kf3 Qh1+ 27. Kf2 Rb6 $1 28. Nd2 Qh2+ 29. Kf3
g5 (29... Rc6 $1 30. Qe4 g5 31. Nc4 Qh1+ 32. Ke3 Qxe4+ 33. Kxe4 Rxc4+ $19) 30.
Nb3 Qe2+ 31. Kg3 gxf4+ (31... Kh8 $19) 32. Bxf4 Kh8 33. Kh3 (33. Kh4 Qg2 34.
Bg3 (34. Bg5 Qh2+ 35. Kg4 h5#) 34... Rg8 35. Qf4 Rb4) 33... Qh5+ (33... Qh5+
34. Kg2 Qg4+ $19) (33... Qh5+ 34. Kg3 Rg8+ 35. Kf2 Qe2#) 0-1

[Event "RUS-ch m3-4"]
[Site "Elista"]
[Date "1997.06.02"]
[Round "5.3"]
[White "Dreev, Alexey"]
[Black "Svidler, Peter"]
[Result "0-1"]
[WhiteElo "2650"]
[BlackElo "2640"]
[Annotator "Petursson,M"]
[PlyCount "58"]
[EventDate "1997.04.19"]
[EventType "k.o."]
[EventRounds "6"]
[EventCountry "RUS"]
[SourceTitle "CBM 059"]
[Source "ChessBase"]
[SourceDate "1997.08.01"]
[SourceVersion "1"]
[SourceVersionDate "1997.08.01"]
[SourceQuality "1"]

1. d4 d5 2. c4 dxc4 3. e4 e5 4. Nf3 exd4 5. Bxc4 Nc6 6. O-O Be6 7. Bb5 Bc5 8.
Nbd2 Nge7 9. Ng5 Qd6 10. Nxe6 Qxe6 11. Nb3 Qd6 12. Bf4 Qxf4 13. Nxc5 O-O 14. g3
Qh6 15. Rc1 Rfd8 16. Nxb7 Rdb8 17. Qa4 Ne5 18. Rxc7 N7g6 19. Qb3 Nf8 20. Qd5
Nf3+ 21. Kg2 Ne6 22. Rd7 Nh4+ 23. Kh1 Nf3 24. h4 {[%tqu "En","Can you find the
only move for Black to continue the attack and force a draw at least?","You
must do something drastic immediatly!","Sacrifice your knight!  That is your
only chance!","f3h4","",11]} Nxh4 $1 25. Be2 $4 {This clumsy move closes an
escape route for the White king and loses immediatly.} (25. gxh4 Qxh4+ 26. Kg1
Qg4+ 27. Kh1 {Here it seems that Black must take a draw}) 25... Nf3+ 26. Kg2 {
[%tqu "En","Can you find the only winning move for Black in this position?",
"Make use of the cramped position of the White king! It can not escape through
the e file.  This gives you a chance for a surprising direct attack!","Can you
fork his king and queen with a knight?","e6f4","VERY GOOD!  It feels so good
to find such a nice move!  Don't you agree?",14]} Nf4+ 27. Kxf3 Nxd5 28. exd5
Rxb7 29. Rxb7 Qh5+ 0-1

[Event "HUN-ch"]
[Site "Budapest"]
[Date "1991.??.??"]
[Round "7"]
[White "Groszpeter, Attila"]
[Black "Polgar, Zsuzsa"]
[Result "1/2-1/2"]
[WhiteElo "2480"]
[BlackElo "2535"]
[Annotator "Polgar,Zsu"]
[PlyCount "161"]
[EventDate "1991.12.??"]
[EventType "tourn"]
[EventRounds "9"]
[EventCountry "HUN"]
[EventCategory "12"]
[SourceTitle "CBM 027"]
[Source "ChessBase"]
[SourceDate "1992.04.01"]
[SourceVersion "1"]
[SourceVersionDate "1992.04.01"]
[SourceQuality "1"]

1. d4 d5 2. c4 dxc4 3. e4 e5 4. Nf3 Bb4+ 5. Bd2 Bxd2+ 6. Qxd2 (6. Nbxd2 {
Informator 52/383,384}) 6... exd4 7. Nxd4 (7. Qxd4 {Informator 52/382}) 7...
Qe7 (7... Nf6 {Informator 50/413}) 8. f3 Nf6 9. Bxc4 O-O 10. Nc3 Nbd7 {N} (
10... c5) 11. O-O (11. Nf5 Qc5 12. Qg5 $2 g6 $15) 11... Rd8 (11... Qc5 12. Be2
Rd8 13. Qe3 Ne5 14. Rad1 $16) 12. Qe3 $6 (12. Rad1 Ne5) (12. Be2 $1 Ne5 13. Qe3
$14) 12... Nb6 $1 (12... Ne5 $6 13. Be2 $14) 13. Bb3 (13. Be2 Nfd5) 13... c5 $1
14. Nde2 c4 15. Bc2 Nfd5 (15... Nbd5 16. Qf2 (16. Qg5) 16... Nb4 17. Ng3 b5 $1
$15) 16. Qf2 (16. Nxd5 Nxd5 $15) 16... Nb4 17. Ng3 Be6 18. Rad1 Nd3 19. Bxd3
cxd3 $17 20. e5 (20. b3 Rac8 $17) (20. f4 Bg4) 20... Nc4 21. h3 (21. f4 Bg4 22.
Rb1 d2 23. h3 d1=Q 24. Nxd1 Rd2 25. Qe1 Bxd1 26. Rxd1 Rxd1 27. Qxd1 Ne3 $17)
21... Rac8 $1 (21... Nxe5 22. f4 Nc4 23. f5 {/\ 24.f6<=>}) 22. f4 (22. Rfe1 $2
d2 $19) 22... f5 23. b3 (23. exf6 Qxf6 24. f5 Bf7 $17) 23... Na3 24. Na4 Qb4 $6
(24... b5 $1 25. Nb2 Rc2 26. Rd2 Qb4 27. Rfd1 Qc3 28. Nxd3 (28. Rxc2 Nxc2 29.
Rb1 d2 $17) 28... Rxd2 29. Qxd2 Qxd2 30. Rxd2 Nb1 31. Rd1 Nc3 32. Rd2 Ne4 $19)
25. Qxa7 Nc2 $2 (25... b5 $1 26. Qb6 Qd4+ 27. Qxd4 Rxd4 28. Nb2 d2 {-/+/-+})
26. Kh2 $138 b5 $138 27. Qb6 Qe7 (27... Kf7 28. Qb7+) 28. Qxb5 $2 (28. Nb2 $1)
28... Ne3 29. Rxd3 Nxf1+ 30. Nxf1 Rxd3 31. Qxd3 Qb4 32. Qd2 $8 (32. Qe3 Rc2 $17
) 32... Qxd2 33. Nxd2 Rc2 34. Nf3 Rxa2 35. Nc5 Bd5 36. Kg3 Rb2 37. h4 h6 (37...
Bxb3 38. Nxb3 Rxb3 $10) 38. h5 $1 Kf7 39. Nh4 Rc2 40. b4 Rb2 $6 41. Nxf5 Rxg2+
42. Kh3 Rf2 43. Nd6+ (43. Kg4 Rg2+) 43... Ke7 44. Kg4 Rg2+ 45. Kf5 Bf3 (45...
g6+ $2 46. hxg6 h5 47. Nde4 h4 48. Ng5 $18) 46. b5 Bxh5 47. Ke4 Re2+ (47... Rb2
48. b6 $1) 48. Kd3 Rb2 49. b6 Be8 50. Kc3 Rb1 51. Kc2 Rb4 52. Nd3 (52. Na6 Rxb6
53. Nc8+ Ke6 54. Nxb6 Kf5) 52... Ba4+ 53. Kc1 Rb3 54. Nc5 Rc3+ 55. Kb2 Rc2+ $1
56. Ka3 $2 (56. Kb1 Rxc5 57. b7 Rc3 58. Nf5+ $1 Kd7 59. b8=Q Rb3+ 60. Qxb3 Bxb3
61. Nxg7 $16) 56... Bc6 57. Nb3 (57. b7 Bxb7 58. Ncxb7 h5) 57... Rf2 58. Nd4
Kd7 59. Kb4 Rf1 (59... Rxf4 60. Kc5) 60. Kc5 Rc1+ 61. Nc4 (61. Kb4) 61... Bb7
62. Nb3 $1 (62. f5 Ba6 63. Nb5 (63. e6+ Ke8 $1 64. Nb5 Ke7 $1 65. Kd4 Bxb5 66.
b7 Rxc4+ 67. Ke3 (67. Ke5 Bc6 $19) 67... Re4+ 68. Kf2 (68. Kd2 Rd4+ {/\ Rd8 -+}
) (68. Kf3 Bc6 $19) 68... Rf4+ 69. Kg3 Rxf5 70. b8=Q Kxe6 $17) 63... h5 64. f6
(64. e6+ Ke7) 64... gxf6 65. exf6 h4 66. f7 Ke7) (62. Kb4 Bd5 63. Ne3 Be4)
62... Re1 (62... Rd1 $5) 63. Nba5 (63. f5 $142 h5 64. e6+ $1 Ke7 65. Nba5 Ba8
66. Nc6+ Kf6 $1 67. N4e5 h4 68. e7 Rxe5+ $1 69. Nxe5 Kxe7 70. Ng6+ Kf6 71. Nxh4
Kg5 72. Ng6 Kxf5 $10) 63... Ba8 64. f5 h5 65. e6+ Ke8 $1 66. b7 Bxb7 67. Nxb7
h4 68. Nd2 h3 69. Nf3 Re3 (69... Rf1 70. Nd6+ Ke7 71. Nh2 $10) 70. Nh2 Ke7 71.
Kd4 Re2 72. Nf3 Rd2+ (72... h2 73. Nxh2 Rxh2 74. Ke4 $10) 73. Ke4 Rc2 74. Kf4
Rc3 $6 75. Kg4 Rc7 76. Na5 Kf6 77. Nb3 g6 78. fxg6 Kxg6 79. Nbd4 Re7 80. Ne5+
Kh7 81. Kxh3 1/2-1/2